Strategic corporate social responsibility : (Record no. 43354)

MARC details
000 -LEADER
fixed length control field 02215cam a2200361 a 4500
005 - DATE AND TIME OF LATEST TRANSACTION
control field 20100820141037.0
008 - FIXED-LENGTH DATA ELEMENTS--GENERAL INFORMATION
fixed length control field 091116s2011 caua b 001 0 eng
010 ## - LCCN (DPL NO)
LC control number ENG-101391 B-430903-906
020 ## - INTERNATIONAL STANDARD BOOK NUMBER
International Standard Book Number 9788132105275
Terms of availability 550.00
035 ## - SYSTEM CONTROL NUMBER
System control number EN-84924 B-430903-906
037 ## - SOURCE OF ACQUISITION
Source of stock number/acquisition DBAD/PUB
037 ## - SOURCE OF ACQUISITION
Source of stock number/acquisition Allied Pub/Ven
040 ## - CATALOGING SOURCE
Original cataloging agency Dpl
Language of cataloging Eng
082 00 - DEWEY DECIMAL CLASSIFICATION NUMBER
Classification number 658.408
100 1# - MAIN ENTRY--PERSONAL NAME
Personal name Werther, William B.
9 (RLIN) 17907
245 10 - TITLE STATEMENT
Title Strategic corporate social responsibility :
Remainder of title stakeholders in a global environment /
Statement of responsibility, etc by William B. Werther, Jr. [and] David Chandler
250 ## - EDITION STATEMENT
Edition statement 2nd ed
260 ## - PUBLICATION, DISTRIBUTION, ETC. (IMPRINT)
Place of publication, distribution, etc New Delhi
Name of publisher, distributor, etc SAGE Publications
Date of publication, distribution, etc 2010
270 ## - ADDRESS
Address B1/I-1 Mohan Cooperative Industrial Area, Mathura Road
City New Delhi
Postal code 110044
300 ## - PHYSICAL DESCRIPTION
Extent xxxii,415 p. :
Other physical details ill.
Dimensions 24cm (pbk)
500 ## - GENERAL NOTE
General note Includes bibliographical references and indexes.
650 #0 - SUBJECT ADDED ENTRY--TOPICAL TERM
Topical term or geographic name as entry element Social responsibility of business.
9 (RLIN) 17908
650 #0 - SUBJECT ADDED ENTRY--TOPICAL TERM
Topical term or geographic name as entry element Social responsibility of business
Form subdivision Case studies.
9 (RLIN) 17909
700 1# - ADDED ENTRY--PERSONAL NAME
Personal name Chandler, David
Dates associated with a name 1969-
9 (RLIN) 17910
942 ## - ADDED ENTRY ELEMENTS (KOHA)
Source of classification or shelving scheme Dewey Decimal Classification
Item type Bengali Books
Classification part 658.408
Call number suffix WER
Holdings
Withdrawn status Lost status Source of classification or shelving scheme Damaged status Not for loan Collection code Home library Current library Date acquired Source of acquisition Cost, normal purchase price Total Checkouts Full call number Barcode Date last seen Copy number Cost, replacement price Koha item type
    Dewey Decimal Classification     Non-fiction Central Library Central Library 31/05/2011 Allied Pub/2953/29.3.11/85/24.3.11/31.3.11 550.00 1 658.408 WER B-430903 27/05/2019 1 550.00 English Books
    Dewey Decimal Classification   Not For Loan Non-fiction D.B.Act.Division D.B.Act.Division 01/09/2010 DBAD/PUB 550.00   658.408 WER EN-84924 01/09/2010 1 550.00 English Books
    Dewey Decimal Classification       D.B.Act.Division D.B.Act.Division 19/09/2017       658.408 WER   19/09/2017     English Books
    Dewey Decimal Classification       D.B.Act.Division D.B.Act.Division 19/09/2017       658.408 WER   19/09/2017     English Books
  Written-off vide DLB M. No. 383 dt 16.05.19 Dewey Decimal Classification     Non-fiction Patel Nagar Patel Nagar 31/05/2011 Allied Pub/2953/29.3.11/85/24.3.11/31.3.11 550.00   658.408 WER B-430904 31/05/2011 1 550.00 English Books
    Dewey Decimal Classification     Non-fiction Sarojini Nagar Sarojini Nagar 31/05/2011 Allied Pub/2953/29.3.11/85/24.3.11/31.3.11 550.00   658.408 WER B-430905 31/05/2011 1 550.00 English Books
    Dewey Decimal Classification     Non-fiction Shahdara Branch Shahdara Branch 31/05/2011 Allied Pub/2953/29.3.11/85/24.3.11/31.3.11 550.00   658.408 WER B-430906 31/05/2011 1 550.00 English Books

© Delhi Public Library
Hit Counter
free hit counter